[Event "ROM-ch U10"]
[White "Zeriu, Bogdan Mihai"]
[Black "Oprea, Rares Andrei"]
[Site "Calimanesti"]
[Round "2"]
[Result "0-1"]
[Date "2014.04.07"]
[WhiteElo "1488"]
[BlackElo "1277"]
[PlyCount "120"]
[EventDate "2014.04.06"]
[EventType "swiss"]
[EventRounds "9"]
[EventCountry "ROU"]
[SourceTitle "CBM 160 Extra"]
[Source "ChessBase"]
[SourceDate "2014.07.01"]
[SourceVersion "1"]
[SourceVersionDate "2014.07.01"]
[SourceQuality "1"]

1. e4 e5 2. Nf3 Nf6 3. Nc3 Bb4 4. d3 Nc6 5. Bd2 0-0 6. a3 Bxc3 7. Bxc3 d6 8. Be2 Re8 9. 0-0 d5 10. exd5 Qxd5 11. Re1 Bf5 12. Nd2 Nd4 13. Bf3 Nxf3+ 14. Qxf3 Qxf3 15. Nxf3 e4 16. Nh4 Bg6 17. Nxg6 fxg6 18. Bxf6 gxf6 19. dxe4 Rad8 20. f3 Rd7 21. Rac1 Kf7 22. Red1 Red8 23. Re1 Ke6 24. Kf1 Ke5 25. Re2 Rd1+ 26. Rxd1 Rxd1+ 27. Re1 Rd2 28. Re2 Rxe2 29. Kxe2 Kd4 30. Kd2 g5 31. c3+ Kc4 32. Kc2 b5 33. b3+ Kc5 34. Kd3 Kd6 35. b4 Ke5 36. g3 h6 37. c4 c6 38. f4+ gxf4 39. gxf4+ Kxf4 40. cxb5 cxb5 41. Kd4 h5 42. Kd5 h4 43. Ke6 Kxe4 44. Kxf6 Kf3 45. Kg5 h3 46. Kh4 Kg2 47. Kg4 Kxh2 48. Kf3 Kg1 49. Kg3 h2 50. Kf3 h1Q+ 51. Ke3 Qh4 52. Kd3 Qf4 53. Kc3 Qe3+ 54. Kc2 Kf2 55. Kb2 Qd3 56. Ka2 Qc2+ 57. Ka1 Ke1 58. a4 Kd1 59. axb5 Kc1 60. b6 Qa4# 0-1